Psychologie práce a její užití
Na minha lista:
| Autor principal: | |
|---|---|
| Formato: | Livro |
| Idioma: | tcheco |
| Publicado em: |
Praha
Práce
1981
|
| Edição: | 3. přeprac. a doln. vyd. |
| Colecção: | Člověk a práce
|
| Tags: |
Sem tags, seja o primeiro a adicionar uma tag!
|
MARC
| LEADER | 00000nam a2200000 4500 | ||
|---|---|---|---|
| 001 | c137518 | ||
| 005 | 20050302095244.3 | ||
| 041 | 0 | |a cze | |
| 044 | |a CZ | ||
| 245 | 1 | 0 | |a Psychologie práce a její užití |c Zbyněk Bureš |
| 250 | |a 3. přeprac. a doln. vyd. | ||
| 264 | 1 | |a Praha |b Práce |c 1981 | |
| 300 | |a 321 s. | ||
| 490 | 1 | |a Člověk a práce | |
| 830 | 0 | |a Člověk a práce | |
| 100 | 1 | |a Bureš, Zbyněk | |